Econometría básica (Registro nro. 3830)

Detalles MARC
000 -LEADER
fixed length control field 01847 a2200253 4500
001 - CONTROL NUMBER
control field 44881
005 - DATE AND TIME OF LATEST TRANSACTION
control field 20260407155723.0
008 - FIXED-LENGTH DATA ELEMENTS--GENERAL INFORMATION
fixed length control field 260407a1988 arg spa d
003 - CONTROL NUMBER IDENTIFIER
control field AR-UNSa-BCEJYS
040 ## - CATALOGING SOURCE
Original cataloging agency AR-UNSa-BCEJYS
Language of cataloging spa
Transcribing agency AR-UNSa-BCEJYS
080 ## - UNIVERSAL DECIMAL CLASSIFICATION NUMBER
Universal Decimal Classification number 330.43
Common auxiliary subdivision Econometría
020 ## - INTERNATIONAL STANDARD BOOK NUMBER
International Standard Book Number 968-451-027-6
041 ## - LANGUAGE CODE
Language code of text/sound track or separate title spa
100 1# - MAIN ENTRY--PERSONAL NAME
Personal name Mesa, Juan Manuel
245 10 - TITLE STATEMENT
Title Econometría básica
264 #1 - PRODUCTION, PUBLICATION, DISTRIBUTION, MANUFACTURE, AND COPYRIGHT NOTICE
Place of production, publication, distribution, manufacture México :
Name of producer, publisher, distributor, manufacturer McGraw-Hill
Date of production, publication, distribution, manufacture, or copyright notice 1988
300 ## - PHYSICAL DESCRIPTION
Extent xxii, 463 p.
Dimensions 23 cm.
505 ## - FORMATTED CONTENTS NOTE
Formatted contents note Parte I: Modelos de regresión uniecuacionales : 1. Naturaleza del análisis de regresión - 2. Modelos de regresión con dos variables: Algunas ideas básicas - 3. Modelos de regresión con dos variables: El problema de estimación - 4. Supuesto de normalidad: Modelo clásico de regresión lineal normal - 5. Regresión con dos variables: Estimación de intervalos y prueba de hipótesis – 6. Análisis de regresión múltiple: el problema de estimación – 7. Análisis de regresión múltiple: el problema de la Inferencia – 8. Enfoque matricial en el modelo de regresión lineal – Parte II: Violación de los supuestos del modelo clásico: 9. Multicolinealidad – 10. Heteroscedasticidad – 11. Autocorrelación – Parte III: Otros temas de econometría: 12. Modelos autoregresivos y de rezagos distribuidos – 13. Regresión de una variable dicótoma – 14. Regresión con una variable dependiente dicótoma – 15. Modelos uniecuacionales: otros temas – Parte IV: Modelos de ecuaciones simultáneas – 17. El problema de la identificación – 18. Métodos para ecuaciones simultáneas -
590 ## - LOCAL NOTE (RLIN)
Local note niveau_biblio:m niveau_hierar:0
700 1# - ADDED ENTRY--PERSONAL NAME
Personal name Gujarati, Damodar N.
700 1# - ADDED ENTRY--PERSONAL NAME
Personal name Ramírez, Manuel
856 41 - ELECTRONIC LOCATION AND ACCESS
Uniform Resource Identifier <a href="https://www.biblioeco.unsa.edu.ar/pmb/images/libros/L127012.jpg">https://www.biblioeco.unsa.edu.ar/pmb/images/libros/L127012.jpg</a>
Link text Imagen de portada
Electronic format type image/jpeg
942 ## - ADDED ENTRY ELEMENTS (KOHA)
Koha item type
Existencias
Withdrawn status Lost status Damaged status Not for loan Home library Current library Shelving location Date acquired Total checkouts Full call number Barcode Date last seen Price effective from Koha item type
        Biblioteca Prof. Eusebio Cleto del Rey Biblioteca Prof. Eusebio Cleto del Rey   07/04/2026   330.43 G896 L127012 07/04/2026 07/04/2026 Libro